Angels : (Record no. 9657)

MARC details
000 -LEADER
fixed length control field 01191cam a2200313 a 4500
001 - CONTROL NUMBER
control field 4956109
003 - CONTROL NUMBER IDENTIFIER
control field GBCCL
005 - DATE AND TIME OF LATEST TRANSACTION
control field 20241126110716.0
008 - FIXED-LENGTH DATA ELEMENTS--GENERAL INFORMATION
fixed length control field 951121s1995 ilu b 000 0 eng
010 ## -
-- 96203372
020 ## - INTERNATIONAL STANDARD BOOK NUMBER
International Standard Book Number 080240734X
040 ## - CATALOGING SOURCE
Original cataloging agency DLC
Transcribing agency DLC
Modifying agency DLC
050 00 -
-- BS680.A48
-- D53 1995
082 00 - DEWEY DECIMAL CLASSIFICATION NUMBER
Classification number 235.3
Edition information 21
Item number DIC
100 1# - MAIN ENTRY--PERSONAL NAME
Personal name Dickason, C. Fred.
9 (RLIN) 2804
245 10 - TITLE STATEMENT
Title Angels :
Remainder of title elect & evil /
Statement of responsibility, etc. C. Fred Dickason.
260 ## - PUBLICATION, DISTRIBUTION, ETC.
Place of publication, distribution, etc. Chicago :
Name of publisher, distributor, etc. Moody Press,
Date of publication, distribution, etc. c1995.
300 ## - PHYSICAL DESCRIPTION
Extent 260 p. ;
Dimensions 22 cm.
500 ## - GENERAL NOTE
General note "Revised and expanded"--Cover.
504 ## - BIBLIOGRAPHY, ETC. NOTE
Bibliography, etc. note Includes bibliographical references (p. [249]-260).
650 #0 - SUBJECT ADDED ENTRY--TOPICAL TERM
Topical term or geographic name entry element Angels
Topical term following geographic name entry element Biblical teaching.
9 (RLIN) 16800
650 #0 - SUBJECT ADDED ENTRY--TOPICAL TERM
Topical term or geographic name entry element Devil
Topical term following geographic name entry element Biblical teaching.
9 (RLIN) 16801
856 42 - ELECTRONIC LOCATION AND ACCESS
Materials specified Publisher description
Uniform Resource Identifier <a href="http://www.loc.gov/catdir/enhancements/fy0609/96203372-d.html">http://www.loc.gov/catdir/enhancements/fy0609/96203372-d.html</a>
856 42 - ELECTRONIC LOCATION AND ACCESS
Materials specified Contributor biographical information
Uniform Resource Identifier <a href="http://www.loc.gov/catdir/enhancements/fy1209/96203372-b.html">http://www.loc.gov/catdir/enhancements/fy1209/96203372-b.html</a>
856 41 - ELECTRONIC LOCATION AND ACCESS
Materials specified Table of contents only
Uniform Resource Identifier <a href="http://www.loc.gov/catdir/enhancements/fy1209/96203372-t.html">http://www.loc.gov/catdir/enhancements/fy1209/96203372-t.html</a>
906 ## - LOCAL DATA ELEMENT F, LDF (RLIN)
a 7
b cbc
c orignew
d 3
e ncip
f 19
g y-gencatlg
942 ## - ADDED ENTRY ELEMENTS (KOHA)
Source of classification or shelving scheme Dewey Decimal Classification
Koha item type Books
Koha issues (borrowed), all copies 4
Holdings
Withdrawn status Lost status Source of classification or shelving scheme Damaged status Not for loan Home library Current Library Shelving location Date acquired Total checkouts Total renewals Full call number Barcode Date last seen Date last checked out Copy number Price effective from Koha item type
    Dewey Decimal Classification     GRACE BIBLE COLLEGE GRACE BIBLE COLLEGE Theology 2023-04-12 6 1 235.3 DIC 016207 2025-10-02 2025-09-22 c.1 2023-04-12 Books
© Grace Bible College Library 2025